| 000 | 01004nam a2200289 a 4500 | ||
|---|---|---|---|
| 999 |
_c447157 _d447157 |
||
| 003 | BLK | ||
| 005 | 20230628121815.0 | ||
| 008 | 180409b bul|||||r ||||||| ||bul|| | ||
| 040 | _aBLK | ||
| 041 |
_aBUL _cBUL |
||
| 080 |
_aОбщинско управление на градски общини _b352.071(1-21) _x(497.215)(062) _z352.071(1-21)(497.215)(062) |
||
| 139 |
_aЛицата на местното самоуправление _bЛ 72 |
||
| 245 | 1 | 0 |
_aЛицата на местното самоуправление _bОбщински съвет мандат 2003-2007 _h[Малотир. изд.] |
| 257 | _aBGR | ||
| 260 |
_aРусе _c2007 |
||
| 300 |
_a20 с. _bцв. ил. _c31 см |
||
| 380 | _a3 | ||
| 500 | _aИзд. Община Русе | ||
| 653 | _aРусе | ||
| 653 | _aобщинска администрация | ||
| 659 | _aК | ||
| 852 |
_aК 352/354/Л 72 _bК |
||
| 856 | 4 | _qpdf | |
| 856 | 4 | _qpdf | |
| 942 |
_cKNG _n0 _s1 _01 |
||
| 944 |
_aCR _c2022-03-04 _kК.Д. |
||